000 00609nam a2200217Ii 4500
001 3125
003 CO-ViMGA
008 241108s9999||||xx |||||||||||||| ||und||
020 _a9788466642576
040 _aCO-ViMGA
_bspa
_erda
_cCO-ViMGA
041 0 _aspa
082 0 4 _aR 929 C97m
100 1 _aMiley Cyrus
_950683
245 1 0 _aMiley Cyrus :
_bla vida por delante
264 1 _aMadrid, EspaƱa : Ediciones B, 2009
300 _avolumen
336 _atext
_btxt
_2rdacontent
337 _aunmediated
_bn
_2rdamedia
338 _avolume
_bnc
_2rdacarrier
940 _aidficha_siabuc: 3051. -- ficha_no_siabuc:3125
999 _c45368
_d45368